Alle Hauptstädte Europas - Statistiken

Allgemein
  • Dieses Quiz wurde 126 mal gespielt
  • Das Durchschnittsergebnis liegt bei 38 aus 47
Antwortstatistiken
Hauptstadt % Korrekt
Berlin
96%
Oslo
96%
Madrid
94%
Bern
93%
Lissabon
93%
Amsterdam
92%
Kopenhagen
92%
Paris
92%
Warschau
92%
Wien
91%
Athen
89%
Brüssel
89%
Rom
89%
Stockholm
89%
Prag
88%
Budapest
87%
Helsinki
87%
London
87%
Bukarest
85%
Moskau
85%
Vatikanstadt
85%
Dublin
84%
Luxemburg
84%
San Marino
84%
Minsk
82%
Sofia
82%
Kiew
81%
Tallinn
81%
Zagreb
81%
Riga
79%
Monaco
75%
Andorra la Vella
74%
Ljubljana
74%
Reykjavík
74%
Vaduz
71%
Vilnius
71%
Bratislava
69%
Valletta
69%
Sarajevo
68%
Tirana
68%
Skopje
66%
Belgrad
65%
Chișinău
61%
Podgorica
58%
Ankara
56%
Pristina
54%
Nikosia
49%
Keine übereinstimmenden Quizze gefunden
Verteilung der Resultate
Anzahl Personen mit jedem Resultat
Perzentil nach korrekt beantworteten Fragen
Ihre Resultats-Entwicklung
Sie haben dieses Quiz noch nicht gespielt